000 01142njm a22002537a 4500
005 20100907115156.0
007 sd ammalaaahaa
008 100830t xxu||||| |||| 00| 0 eng d
028 _aN.54095
_bHis Master's Voice
035 _aGR-01114
040 _aSED
_cSED
100 _aMohd Rafi
_918698
245 _aYeh rastey hai pyaar ke /
_csung by Mohd Rafi ;Music dtn by Ravi; Lyric by Rajinder Krishen
_h[sound recording]:
246 _aयह रास्ते है प्यार के /
260 _aDum Dum, India:
_bHis Master 's Voice
300 _a1 sound disc [GramphoneRecording]:
_banalog,33.1/3 rpm
_c9.5 in.(MP)
_fGramphones Records
500 _aBrief Record
505 _aSide1 यह रास्ते है प्यार के(Yeh rastey hai pyaar ke)( Asha Bhosle)--Side 2 तुम जिस पर नज़र डालो (Tum jis par nazar daalo) (Mohd Rafi).
650 _xExperts
_zIndia
_917446
_aMotion picture music
700 _aRavi
_918765
700 _aKrishen,Rajinder
_918766
942 _2ddc
_cGR
999 _c44188
_d44188